Châteaux et villes de Game of Thrones par ordre alphabétique - Statistiques

Statistiques générales
  • Ce quiz a été pris 37 fois
  • Le résultat moyen est 19 sur 64
Statistiques - réponses
Régions Indice Réponse % Correct
Nord Stark Winterfell
89%
Terres de l'Ouest Lannister Castral Roc
81%
Terres de la Couronne Roi des Sept Couronnes Port-Réal
81%
Mur Garde de Nuit Châteaunoir
74%
Essos Banque de Fer Braavos
70%
Bief Tyrell Hautjardin
63%
Conflans Frey Les Jumeaux
63%
Terres de la Couronne Targaryen Peyredragon
63%
Terres de l'orage Baratheon Accalmie
59%
Conflans Tully Vivesaigues
56%
Essos Immaculés Astapor
52%
Val d'Arryn Arryn Les Eyrié
52%
Essos Mélisandre Asshaï
48%
Dorne Martell Lancehélion
48%
Îles de Fer Greyjoy Pyk
48%
Essos Les Treize Qarth
48%
Bief Hightower Villevieille
48%
Mur Garde de Nuit Fort-Levant
44%
Nord Bolton Fort-Terreur
44%
Essos Thoros Myr
44%
Essos Judicieux Yunkaï
44%
Essos Seigneurs Dragon Ancienne Valyria
41%
Terres de l'Ouest Reyne Castamere
41%
Nord Manderly Blancport
37%
Essos Targaryen Meereen
37%
Essos Illyrio Mopatis Pentos
37%
Conflans Baelish Harrenhal
33%
Terres de l'Ouest Lannister Port-Lannis
33%
Mur Garde de Nuit Tour Ombreuse
33%
Essos Dosh Khaleen Vaes Dothrak
33%
Nord Omble Âtre-lès-Confins
26%
Bief Tarly Corcolline
26%
Terres de la Couronne Roi des Sept Couronnes Donjon Rouge
26%
Dorne Martell Jardins Aquatiques
26%
Au-delà du Mur Sauvageons Durlieu
19%
Essos Varys Lys
19%
Nord Stark Moat Cailin
19%
Nord Glover Motte-la-Forêt
19%
Terres de la Couronne Castelfoyer Castelfoyer
15%
Bief Conclave Citadelle
15%
Nord Corbois Corbois
15%
Nord Karstark Karhold
11%
Dorne Dayne Les Météores
11%
Val d'Arryn Royce Roches-aux-runes
11%
Bief Cendregué Cendregué
7%
Terres de l'Ouest Tarbeck Château Tarbeck
7%
Conflans Darry Darry
7%
Terres de l'Ouest Lefford Dent d'Or
7%
Dorne Ferboys Ferboys
7%
Mur Garde de Nuit Fort Nox
7%
Nord Garde de Nuit La Mole
7%
Lamarck Velaryon Marée Haute
7%
Terres de l'Ouest Marpheux Cendremarc
4%
Conflans Nerbosc Corneilla
4%
Nord Reed Fort-Griseaux
4%
Terres de l'Orage Torth La Vesprée
4%
Terres de l'Orage Lestival
4%
Au-delà du Mur Sauvageons Manoir de Craster
4%
Val d'Arryn Vanbois Chênes-en-fer
0%
Dorne Uller Denfert
0%
Terres de l'Ouest Clegane Donjon des Clegane
0%
Mur Garde de Nuit Griposte
0%
Nord Whitehill Mont-de-fer
0%
Terres de l'Orage Swann Pierheaume
0%
Aucun quiz correspondant
Distribution des résultats
% des personnes avec chaque résultat
Percentile par nombre de réponses
Votre historique - résultats
Vous n’avez pas pris ce quiz